Tischtennis: Training, Technik, Taktik
Guardado en:
| Autores principales: | , , |
|---|---|
| Formato: | Libro |
| Lenguaje: | alemán |
| Publicado: |
Hamburgo
Rowohlt
1977
|
| Materias: | |
| Etiquetas: |
Agregar Etiqueta
Sin Etiquetas, Sea el primero en etiquetar este registro!
|
MARC
| LEADER | 00000nam a2200000 a 4500 | ||
|---|---|---|---|
| 001 | UCU1441 | ||
| 003 | CL-VaPUC | ||
| 008 | 960404e19770000GW |||||||||||||||||ger|d | ||
| 082 | 0 | 4 | |a 796.346 |b HAR |2 21 |
| 100 | 0 | |a Harst, Heinz |e author |9 357102 | |
| 700 | 0 | |a Giesecke, Hans |e author |9 357103 | |
| 700 | 0 | |a Schlaf, Jupp |e author |9 357104 | |
| 245 | 1 | 0 | |a Tischtennis: Training, Technik, Taktik |
| 300 | |a 158 p | ||
| 942 | |c BK | ||
| 945 | |d 19960404 00:00:00 |a paguirre | ||
| 260 | |a Hamburgo |b Rowohlt |c 1977 | ||
| 650 | 7 | |a DEPORTE |2 CL-VaPUC |9 357105 | |
| 650 | 7 | |a TENIS DE MESA |2 CL-VaPUC |9 357106 | |
| 650 | 7 | |a JUEGOS DE PELOTA |2 CL-VaPUC |9 340284 | |
| 583 | |a last modification |c 19960404 00:00:00 |k Rodrigo Vera | ||
| 999 | |c 246066 |d 246064 | ||
| 952 | |0 0 |1 0 |4 0 |6 796_346000000000000_HAR_1977 |7 0 |8 P |9 260799 |a BIBEDU |b BIBEDU |c BIBEDU_PB |d 2019-11-19 |i 2013495 |o 796.346 HAR 1977 |p 2013495 |r 2024-01-25 |w 2019-11-19 |y BK |k EDU | ||